Proceedings ed by A R Nautiyal and others (Record no. 1209303)
[ view plain ]
| 000 -LEADER | |
|---|---|
| fixed length control field | 01273nam a2200325Ia 4500 |
| 003 - CONTROL NUMBER IDENTIFIER | |
| control field | OSt |
| 005 - DATE AND TIME OF LATEST TRANSACTION | |
| control field | 20221007121745.0 |
| 008 - FIXED-LENGTH DATA ELEMENTS--GENERAL INFORMATION | |
| fixed length control field | 221006b |||||||| |||| 00| 0 eng d |
| 020 ## - INTERNATIONAL STANDARD BOOK NUMBER | |
| International Standard Book Number | 8121101506 (hbd) |
| 037 ## - SOURCE OF ACQUISITION | |
| Terms of availability | Textual |
| 040 ## - CATALOGING SOURCE | |
| Original cataloging agency | BDL |
| Transcribing agency | BDL |
| Language of cataloging | eng |
| 041 ## - LANGUAGE CODE | |
| Source of code | eng |
| Language code of text/sound track or separate title | eng |
| 100 ## - MAIN ENTRY--PERSONAL NAME | |
| Personal name | Nautiyal A R Ed |
| 9 (RLIN) | 712881 |
| 111 ## - MAIN ENTRY--MEETING NAME | |
| Meeting name or jurisdiction name as entry element | Seminar on harvesting herbs-2000^gSrinagar, Garhwal^iOctober 26-27, 1996 |
| 9 (RLIN) | 712882 |
| 245 #0 - TITLE STATEMENT | |
| Title | Proceedings ed by A R Nautiyal and others |
| Remainder of title | Nautiyal M C Ed Purohit A N |
| 260 ## - PUBLICATION, DISTRIBUTION, ETC. | |
| Place of publication, distribution, etc. | Dehra |
| Name of publisher, distributor, etc. | Dun Bishen Singh Mahendra Pal Singh |
| Date of publication, distribution, etc. | 1997 |
| 300 ## - PHYSICAL DESCRIPTION | |
| Extent | 196p |
| Dimensions | cm. |
| 500 ## - GENERAL NOTE | |
| General note | Includes bibliograpical references; Index 191-196p; ^n23/CSL/Carb/2000-2001/224^d2000-10-10^mPurchase; ; 2000-2001/322^b2000-11-01^c348^d2000-10-20^eRs.6,111.00^fBishen Singh Mahendra Pal Singh; ; 2000-11-09^bSB^c2000-12-12^dSK |
| 650 ## - SUBJECT ADDED ENTRY--TOPICAL TERM | |
| Topical term or geographic name entry element | Economic plants |
| 650 ## - SUBJECT ADDED ENTRY--TOPICAL TERM | |
| Topical term or geographic name entry element | Seminar |
| 9 (RLIN) | 712883 |
| 650 ## - SUBJECT ADDED ENTRY--TOPICAL TERM | |
| Topical term or geographic name entry element | Agriculture |
| 700 ## - ADDED ENTRY--PERSONAL NAME | |
| Personal name | Nautiyal M C Ed |
| 9 (RLIN) | 712884 |
| 700 ## - ADDED ENTRY--PERSONAL NAME | |
| Personal name | Purohit A N |
| 9 (RLIN) | 76313 |
| 942 ## - ADDED ENTRY ELEMENTS (KOHA) | |
| Classification part | J:(I)p1,N96, N7 |
| Koha item type | Textual |
| Source of classification or shelving scheme | Colon Classification (CC) |
| Withdrawn status | Lost status | Source of classification or shelving scheme | Damaged status | Not for loan | Home library | Current library | Date acquired | Source of acquisition | Total Checkouts | Full call number | Barcode | Date last seen | Price effective from | Koha item type |
|---|---|---|---|---|---|---|---|---|---|---|---|---|---|---|
| Colon Classification (CC) | Department of Botany Library | Department of Botany Library | 2022-10-07 | Bishen, | J:(I)p1,N96 N7 | BD0004680 | 2022-10-07 | 2022-10-07 | Textual |
